[Event "CZE-chT2E 1819"]
[Site "Czech Republic"]
[Date "2018.12.16"]
[Round "5.5"]
[White "Kapusta, Petr"]
[Black "Sykora, Jan"]
[Result "1-0"]
[WhiteElo "2244"]
[BlackElo "2062"]
[PlyCount "47"]
[EventDate "2018.10.14"]
[EventType "team-tourn"]
[EventRounds "11"]
[EventCountry "CZE"]
[SourceTitle "EXT 2022"]
[Source "ChessBase"]
[SourceDate "2021.10.06"]
[SourceVersion "1"]
[SourceVersionDate "2021.10.06"]
[SourceQuality "1"]
[WhiteTeam "Vlcnov"]
[BlackTeam "Prostejov"]
[WhiteTeamCountry "CZE"]
[BlackTeamCountry "CZE"]

1. e4 e5 2. Nf3 Nc6 3. d4 exd4 4. c4 dxc3 5. Nxc3 Bb4 6. Bc4 Nf6 7. e5 d5 8. exf6 dxc4 9. Qxd8+ Nxd8 10. fxg7 Bxc3+ 11. bxc3 Rg8 12. Bh6 Bf5 13. 0-0-0 f6 14. Rd4 Ne6 15. Re1 Kf7 16. Rd7+ Kg6 17. Nh4+ Kxh6 18. Nxf5+ Kg5 19. Ne7 Nf4 20. Nxg8 Rxg8 21. Re3 Nd3+ 22. Kd2 Nxf2 23. Rg3+ Kh6 24. Rd4 1-0

[Event "CZE-chT2E 1819"]
[Site "Czech Republic"]
[Date "2018.12.02"]
[Round "4.5"]
[White "Sykora, Jan"]
[Black "Travnicek, Krystof Mikulas"]
[Result "1/2-1/2"]
[WhiteElo "2062"]
[BlackElo "1908"]
[PlyCount "79"]
[EventDate "2018.10.14"]
[EventType "team-tourn"]
[EventRounds "11"]
[EventCountry "CZE"]
[SourceTitle "EXT 2022"]
[Source "ChessBase"]
[SourceDate "2021.10.06"]
[SourceVersion "1"]
[SourceVersionDate "2021.10.06"]
[SourceQuality "1"]
[WhiteTeam "Prostejov"]
[BlackTeam "Kunovice"]
[WhiteTeamCountry "CZE"]
[BlackTeamCountry "CZE"]

1. e4 c5 2. Nf3 Nc6 3. Bb5 g6 4. 0-0 Bg7 5. c3 Nf6 6. Qe2 0-0 7. d4 cxd4 8. cxd4 d5 9. e5 Ne4 10. Nbd2 Nxd2 11. Bxd2 Bg4 12. Bxc6 bxc6 13. Bb4 Qd7 14. Qe3 Rfb8 15. Ba3 Bxf3 16. Qxf3 c5 17. Bxc5 Rxb2 18. Qa3 Rb7 19. Rab1 Rab8 20. Rb3 Rxb3 21. axb3 f6 22. exf6 Bxf6 23. b4 Rb7 24. Qa6 e6 25. Ra1 Bd8 26. Qe2 Bf6 27. Ra6 Kf7 28. g3 Bd8 29. Kg2 Be7 30. Qa2 Kg7 31. f4 Kf7 32. Qa4 Qxa4 33. Rxa4 h6 34. Kf3 Kf6 35. h4 h5 36. g4 hxg4+ 37. Kxg4 Rc7 38. Ra6 Rb7 39. Ra1 Rc7 40. Ra6 1/2-1/2

[Event "CZE-chT2E 1314"]
[Site "Czech Republic"]
[Date "2014.03.23"]
[Round "10.3"]
[White "Navratilik, Pavel"]
[Black "Sykora, Jan"]
[Result "1-0"]
[WhiteElo "2142"]
[BlackElo "2132"]
[PlyCount "77"]
[EventDate "2013.11.03"]
[EventType "team-tourn"]
[EventRounds "11"]
[EventCountry "CZE"]
[SourceTitle "EXT 2016"]
[Source "ChessBase"]
[SourceDate "2015.10.08"]
[SourceVersion "1"]
[SourceVersionDate "2015.10.08"]
[SourceQuality "1"]
[WhiteTeam "Postoupky"]
[BlackTeam "Prostejov"]
[WhiteTeamCountry "CZE"]
[BlackTeamCountry "CZE"]

1. d4 f5 2. c4 Nf6 3. h3 e6 4. g4 d5 5. Nc3 c6 6. e3 Be7 7. Bd3 0-0 8. Nf3 Ne4 9. Bd2 Na6 10. a3 Nc7 11. Qe2 Bh4 12. Rh2 Bd7 13. 0-0-0 b5 14. cxb5 cxb5 15. gxf5 exf5 16. Nxh4 Qxh4 17. Nxb5 Bxb5 18. Bxb5 Nxb5 19. Qxb5 Rfc8+ 20. Kb1 Nxd2+ 21. Rxd2 Qe4+ 22. Qd3 Qf3 23. h4 Rc6 24. Rc2 Rac8 25. Rxc6 Rxc6 26. h5 Qg4 27. Rh1 Qf3 28. Rh4 Qxf2 29. Rf4 Qe1+ 30. Ka2 g6 31. Rf1 Qa5 32. hxg6 hxg6 33. Rh1 Qa6 34. Qd2 Qc4+ 35. Ka1 Rc7 36. Qh2 Qc6 37. Qh8+ Kf7 38. Rh7+ Ke6 39. Qe5# 1-0

[Event "CZE-chT2E 1314"]
[Site "Czech Republic"]
[Date "2014.01.05"]
[Round "5.3"]
[White "Sykora, Jan"]
[Black "Blaha, Petr"]
[Result "0-1"]
[WhiteElo "2132"]
[BlackElo "2098"]
[PlyCount "116"]
[EventDate "2013.11.03"]
[EventType "team-tourn"]
[EventRounds "11"]
[EventCountry "CZE"]
[SourceTitle "EXT 2016"]
[Source "ChessBase"]
[SourceDate "2015.10.08"]
[SourceVersion "1"]
[SourceVersionDate "2015.10.08"]
[SourceQuality "1"]
[WhiteTeam "Prostejov"]
[BlackTeam "Napajedla"]
[WhiteTeamCountry "CZE"]
[BlackTeamCountry "CZE"]

1. Nf3 d5 2. g3 Nf6 3. Bg2 c5 4. 0-0 Nc6 5. d3 e6 6. Nbd2 Be7 7. e4 0-0 8. Re1 Qc7 9. e5 Nd7 10. Qe2 b5 11. h4 Bb7 12. Nf1 Rac8 13. Bf4 Nb6 14. N1h2 d4 15. Ng5 Nd8 16. Qh5 Bxg5 17. hxg5 Bxg2 18. Kxg2 Nd5 19. Ng4 f5 20. gxf6 g6 21. Qh6 c4 22. Rh1 Qb7 23. Kg1 Rf7 24. Qh4 Rfc7 25. f7+ Rxf7 26. Nh6+ Kh8 27. Nxf7+ Qxf7 28. Bg5 Nc6 29. Bf6+ Kg8 30. a3 Rf8 31. Rh2 Nxf6 32. Qxf6 Qxf6 33. exf6 Rxf6 34. Re1 e5 35. Re4 cxd3 36. f4 dxc2 37. Rxc2 exf4 38. gxf4 Kf7 39. Rc5 a6 40. Kg2 Rd6 41. Re2 Kf6 42. b4 h5 43. Kf3 d3 44. Rb2 Nd4+ 45. Ke3 Nc2+ 46. Kd2 Nxa3 47. Rb3 Nc4+ 48. Kd1 h4 49. Rc8 Kf5 50. Rh8 Kg4 51. Rh6 h3 52. Ke1 d2+ 53. Kd1 Re6 54. Rd3 Re1+ 55. Kc2 Rc1+ 56. Kb3 d1Q+ 57. Rxd1 Rxd1 58. Rxg6+ Kxf4 0-1

[Event "CZE-chT2E 1314"]
[Site "Czech Republic"]
[Date "2013.12.15"]
[Round "4.3"]
[White "Vechet, Stanislav"]
[Black "Sykora, Jan"]
[Result "1/2-1/2"]
[WhiteElo "2165"]
[BlackElo "2132"]
[PlyCount "74"]
[EventDate "2013.11.03"]
[EventType "team-tourn"]
[EventRounds "11"]
[EventCountry "CZE"]
[SourceTitle "EXT 2016"]
[Source "ChessBase"]
[SourceDate "2015.10.08"]
[SourceVersion "1"]
[SourceVersionDate "2015.10.08"]
[SourceQuality "1"]
[WhiteTeam "Brno Moravska Slavia"]
[BlackTeam "Prostejov"]
[WhiteTeamCountry "CZE"]
[BlackTeamCountry "CZE"]

1. d4 c5 2. d5 e5 3. e4 d6 4. Bb5+ Nd7 5. c4 g6 6. Nc3 Bg7 7. Nge2 Ngf6 8. Bg5 h6 9. Be3 Ng4 10. Qd3 0-0 11. Bd2 Qh4 12. Qg3 Qxg3 13. hxg3 h5 14. f3 Ngf6 15. Ba4 Nb6 16. Bb3 Bd7 17. a4 a5 18. Bg5 Rfe8 19. Nb1 Nc8 20. Bc2 Nh7 21. Be3 Bf6 22. Nec3 Na7 23. Na3 Rad8 24. Kd2 b6 25. Raf1 Bg5 26. f4 Bh6 27. Bd3 Nf6 28. Nc2 Ng4 29. f5 Nxe3 30. Nxe3 Bg5 31. b3 Kg7 32. Ke2 Rh8 33. Ncd1 Nc8 34. Nf2 Bxe3 35. Kxe3 g5 36. g4 h4 37. Kf3 f6 1/2-1/2

[Event "CZE-chT2E 1011"]
[Site "Czech Republic"]
[Date "2011.02.06"]
[Round "7.6"]
[White "Krizek, Frantisek"]
[Black "Sykora, Jan"]
[Result "0-1"]
[WhiteElo "2018"]
[BlackElo "2120"]
[PlyCount "112"]
[EventDate "2010.10.17"]
[EventType "team-tourn"]
[EventRounds "11"]
[EventCountry "CZE"]
[SourceTitle "EXT 2012"]
[Source "ChessBase"]
[SourceDate "2011.11.24"]
[SourceVersion "1"]
[SourceVersionDate "2011.11.24"]
[SourceQuality "1"]
[WhiteTeam "Borsice"]
[BlackTeam "Prostejov"]
[WhiteTeamCountry "CZE"]
[BlackTeamCountry "CZE"]

1. c4 Nf6 2. Nc3 g6 3. d4 Bg7 4. e4 d6 5. f3 e5 6. d5 Nh5 7. Be3 f5 8. exf5 gxf5 9. Qd2 f4 10. Bf2 Bf6 11. Ne4 Bf5 12. g4 Bxe4 13. fxe4 Ng7 14. h4 h6 15. Nf3 Na6 16. Bh3 Nc5 17. Qc2 a5 18. 0-0-0 Be7 19. Rdg1 b6 20. g5 h5 21. Qe2 Kf7 22. g6+ Kf8 23. Ng5 Bxg5 24. Rxg5 Qe8 25. Bxc5 bxc5 26. Bg2 Qa4 27. Kb1 Rb8 28. Rh3 Ke7 29. Ka1 Rb4 30. b3 Rhb8 31. Qb2 Qd7 32. Rc3 a4 33. Bh3 Qe8 34. Rg1 R8b6 35. Qg2 Qf8 36. Rb1 Qf6 37. Qg5 Qxg5 38. hxg5 axb3 39. Rcxb3 Rxb3 40. axb3 c6 41. dxc6 Rxc6 42. Kb2 Ra6 43. Rh1 Ra8 44. Bg2 Rh8 45. Ra1 h4 46. Bh3 Rh5 47. Ra7+ Kf8 48. Ra8+ Ke7 49. Ra7+ Kf8 50. Ra8+ Ke7 51. Rg8 Ne8 52. Bf5 Rxg5 53. Rh8 Ng7 54. Rxh4 Nxf5 55. exf5 Rxf5 56. g7 Kf7 0-1

[Event "CZE-chT2E 0910"]
[Site "Czech Republic"]
[Date "2010.04.18"]
[Round "11.4"]
[White "Sykora, Jan"]
[Black "Jelinek, Ota"]
[Result "1/2-1/2"]
[WhiteElo "2050"]
[BlackElo "2130"]
[PlyCount "27"]
[EventDate "2009.10.18"]
[EventType "team-tourn"]
[EventRounds "11"]
[EventCountry "CZE"]
[SourceTitle "EXT 2012"]
[Source "ChessBase"]
[SourceDate "2011.11.24"]
[SourceVersion "1"]
[SourceVersionDate "2011.11.24"]
[SourceQuality "1"]
[WhiteTeam "Prostejov"]
[BlackTeam "Brno Lokomotiva III"]
[WhiteTeamCountry "CZE"]
[BlackTeamCountry "CZE"]

1. e4 e6 2. d3 d5 3. Nd2 Nf6 4. Ngf3 dxe4 5. dxe4 Bc5 6. Bd3 Nc6 7. 0-0 e5 8. Nc4 Bg4 9. h3 Bxf3 10. Qxf3 Qe7 11. c3 a5 12. Bg5 h6 13. Bxf6 Qxf6 14. Qxf6 1/2-1/2

[Event "CZE-chT2E 0910"]
[Site "Czech Republic"]
[Date "2010.01.31"]
[Round "6.7"]
[White "Sykora, Jan"]
[Black "Krca, Milan"]
[Result "0-1"]
[WhiteElo "2050"]
[BlackElo "2108"]
[PlyCount "80"]
[EventDate "2009.10.18"]
[EventType "team-tourn"]
[EventRounds "11"]
[EventCountry "CZE"]
[SourceTitle "EXT 2012"]
[Source "ChessBase"]
[SourceDate "2011.11.24"]
[SourceVersion "1"]
[SourceVersionDate "2011.11.24"]
[SourceQuality "1"]
[WhiteTeam "Prostejov"]
[BlackTeam "Stare Mesto III"]
[WhiteTeamCountry "CZE"]
[BlackTeamCountry "CZE"]

1. Nf3 Nf6 2. g3 c5 3. Bg2 e6 4. 0-0 d5 5. d3 Nc6 6. Nbd2 Be7 7. e4 dxe4 8. dxe4 e5 9. c3 0-0 10. Qc2 h6 11. Nc4 Qc7 12. Ne3 Be6 13. Nh4 Rad8 14. Nhf5 c4 15. b3 cxb3 16. Nxe7+ Nxe7 17. axb3 a6 18. Ba3 Rfe8 19. Rfd1 Rxd1+ 20. Rxd1 Rd8 21. c4 Rxd1+ 22. Qxd1 Nc6 23. Nd5 Qa5 24. Bb2 Qc5 25. Nxf6+ gxf6 26. Bc1 Qd4 27. Qh5 Qa1 28. Qxh6 Nd4 29. Bf1 Nxb3 30. Qxf6 Qxc1 31. f4 Qe3+ 32. Kh1 Qxe4+ 33. Kg1 Qd4+ 34. Kh1 exf4 35. Qg5+ Kf8 36. gxf4 Qe4+ 37. Kg1 Qg6 38. Kf2 Qxg5 39. fxg5 Nd2 40. Bg2 b6 0-1

[Event "CZE-chT2E 0910"]
[Site "Czech Republic"]
[Date "2009.11.22"]
[Round "3.7"]
[White "Sykora, Jan"]
[Black "Kasik, Miroslav1111"]
[Result "1-0"]
[WhiteElo "2050"]
[BlackElo "2037"]
[PlyCount "99"]
[EventDate "2009.10.18"]
[EventType "team-tourn"]
[EventRounds "11"]
[EventCountry "CZE"]
[SourceTitle "EXT 2012"]
[Source "ChessBase"]
[SourceDate "2011.11.24"]
[SourceVersion "1"]
[SourceVersionDate "2011.11.24"]
[SourceQuality "1"]
[WhiteTeam "Prostejov"]
[BlackTeam "Kromeriz II"]
[WhiteTeamCountry "CZE"]
[BlackTeamCountry "CZE"]

1. Nf3 d5 2. g3 c5 3. Bg2 Nc6 4. d3 Nf6 5. 0-0 e5 6. Nbd2 Be7 7. e4 0-0 8. Re1 dxe4 9. dxe4 Qc7 10. c3 h6 11. Qc2 Be6 12. Nf1 Rfd8 13. Ne3 Rd7 14. b3 Rad8 15. Bb2 Ng4 16. Nf5 Bf8 17. Rad1 g6 18. h3 gxf5 19. hxg4 fxg4 20. Nh4 Be7 21. Nf5 Bg5 22. Bc1 Kh7 23. Bxg5 hxg5 24. Ne3 Rxd1 25. Rxd1 Rxd1+ 26. Qxd1 Qd7 27. Nd5 Kg7 28. Kf1 Qd8 29. Ne3 Qxd1+ 30. Nxd1 b5 31. Ke1 b4 32. Kd2 a5 33. Bf1 bxc3+ 34. Kxc3 Nd4 35. Bc4 Bd7 36. Ne3 Kg6 37. Bd5 Bb5 38. Bc4 Bc6 39. Bd3 Bb7 40. Nc4 Nc6 41. Nd6 Ba8 42. Bc4 Nd8 43. Bd5 Bxd5 44. exd5 f5 45. Kc4 Nf7 46. Kxc5 e4 47. Nxf7 Kxf7 48. Kd4 Kf6 49. a3 e3 50. fxe3 1-0

[Event "CZE-chT2E 0910"]
[Site "Czech Republic"]
[Date "2009.10.18"]
[Round "1.7"]
[White "Sykora, Jan"]
[Black "Staufcik, Michal"]
[Result "1/2-1/2"]
[WhiteElo "2050"]
[BlackElo "2083"]
[PlyCount "57"]
[EventDate "2009.10.18"]
[EventType "team-tourn"]
[EventRounds "11"]
[EventCountry "CZE"]
[SourceTitle "EXT 2012"]
[Source "ChessBase"]
[SourceDate "2011.11.24"]
[SourceVersion "1"]
[SourceVersionDate "2011.11.24"]
[SourceQuality "1"]
[WhiteTeam "Prostejov"]
[BlackTeam "Stare Mesto II"]
[WhiteTeamCountry "CZE"]
[BlackTeamCountry "CZE"]

1. Nf3 c5 2. e4 Nc6 3. Bb5 a6 4. Bxc6 bxc6 5. 0-0 d5 6. Re1 Bg4 7. h3 Bh5 8. c4 d4 9. Qa4 Qb6 10. Ne5 Rc8 11. g4 Bg6 12. d3 f6 13. Nf3 e5 14. Nbd2 Bd6 15. Nh4 Ne7 16. Nf1 0-0 17. Bd2 Rb8 18. Rab1 Rfe8 19. Ng3 Rb7 20. Nhf5 Nxf5 21. exf5 Bf7 22. Ne4 Bf8 23. Bg5 Qa7 24. Qxc6 Reb8 25. b3 Be8 26. Qe6+ Bf7 27. Qc6 Be8 28. Qe6+ Bf7 29. Qc6 1/2-1/2